Interoduction to environmental economics (Record no. 10135)

MARC details
000 -LEADER
fixed length control field 00614cam a2200229ua 4500
001 - CONTROL NUMBER
control field 11293
005 - DATE AND TIME OF LATEST TRANSACTION
control field 20260515114732.0
008 - FIXED-LENGTH DATA ELEMENTS--GENERAL INFORMATION
fixed length control field 190906n ii |||gr||||Z||||||eng
020 ## - INTERNATIONAL STANDARD BOOK NUMBER
International Standard Book Number 9780199568734
040 ## - CATALOGING SOURCE
Transcribing agency MAIN
041 ## - LANGUAGE CODE
Language code of text/sound track or separate title eng
082 ## - DEWEY DECIMAL CLASSIFICATION NUMBER
Classification number 333.7
100 ## - MAIN ENTRY--PERSONAL NAME
Personal name Nick Hanley,
Relator term Author.
245 ## - TITLE STATEMENT
Title Interoduction to environmental economics
Statement of responsibility, etc. By Nick Hanley and outhers
250 ## - EDITION STATEMENT
Edition statement 2nd ed.
260 ## - PUBLICATION, DISTRIBUTION, ETC.
Place of publication, distribution, etc. New Delhi:
Name of publisher, distributor, etc. Oxford university press,
Date of publication, distribution, etc. 2013.
300 ## - PHYSICAL DESCRIPTION
Extent 300p.
653 ## - INDEX TERM--UNCONTROLLED
Uncontrolled term Economics ofland & energy
700 ## - ADDED ENTRY--PERSONAL NAME
Personal name Jason F Shogren,
Relator term Author.
700 ## - ADDED ENTRY--PERSONAL NAME
Personal name Ben White,
Relator term Author.
942 ## - ADDED ENTRY ELEMENTS (KOHA)
Koha item type Books
Holdings
Withdrawn status Lost status Damaged status Not for loan Home library Current library Shelving location Date acquired Total checkouts Full call number Barcode Date last seen Copy number Price effective from Koha item type
        Naharkatiya College Library Naharkatiya College Library General stacks 09/19/2020   333.7Environmental economics | HAN 27400 09/19/2020 1 09/19/2020 Books